Polscy jetpunkowcy w pierwszej 200 - Statystyki

Ogólne statystyki
  • Ten quiz został rozwiązany 10 razy
  • Średni wynik to 4 z 10
Statystyki odpowiedzi
Ranga Użytkownik % Poprawnych
36 youtubeplayer
67%
63 Levisek27
56%
19 miki2003
56%
13 SaturnPL
44%
95 SaturnTheQuizzer
44%
47 Daigoro
33%
97 savik1
22%
192 ArcoIris
11%
169 BehindPL
11%
173 promastermage
11%
Nie znaleziono quizów pasujących do podanych kryteriów
Rozkład punktacji
Procent ludzi z każdym wynikiem
Percentyl według liczby udzielonych odpowiedzi
Twoja historia wyników
Nie rozwiązałeś tego quizu